1965 1610 1114 1008 1100 1717 1478 1198 1952 1635 1138 1589 1528 1711 1401 1951 1262 1597 1345 1477 1745 1192 1206 1197 1973 1780 1464 1339 1277 1961 1808 1043 1472 1447 1245 1263 1117 1213 1845 1481 1243 1928 1629 1700 1317 1585 1572 1195 1269 1862 1566 1505 1580 1005 1129 1242 1748 1079 1436 1283 1440 1878 1496 1056 1715 1280 1043 1963 1504 1049 1455 1004 1461 1580 1864 1650 1731 1315 1601 1993 1290 1595 1058 1958 1526 1195 1298 1184 1284 1657 1627 1450 1835 1585 1136 1751 1851 1760 1904 BCNSPRNW ULIB Ver.6.0+V

เปลี่ยนเป็นภาษาไทย

Change to English
 แสดงรายละเอียดบรรณานุกรม
  กลับหน้าหลัก

Brief Record : Get Marc (ISO 2709) : E-mail record : QR code < ปิดหน้าต่าง
สารบัญ Review โดย
ทศพร เกษรทอง
ห้องสมุดวิทยาเขตนครสวรรค์
ทศพร เกษรทอง เมื่อ14/ธันวาคม/2557
บทที่ 1 อาการปวดท้องเฉียบพลัน
บทที่ 2 ภาวะชักในเด็ก
บทที่ 3 ตัวเล็ก น้ำหนักน้อย
บทที่ 4 ภาวะอ้วนในเด็ก
บทที่ 5 หอบเหนื่อย
บทที่ 6 อาการเป็นลมในเด็ก
บทที่ 7 อาการเขียว
บทที่ 8 แนวทางการซักประวัติและตรวจร่างกายโรคผิวหนังในเด็ก
บทที่ 9 ภาวะบวม
บทที่ 10 การนอนกรน
บทที่ 11 เด็กตัวเตี้ย
บทที่ 12 ภาวะตัวเหลืองในทารกแรกเกิด
บทที่ 13 หายใจเสียงดัง
บทที่ 14 การได้รับสารพิษในเด็ก
บทที่ 15 การตรวจในคลินิกเด็กสุขภาพดี

LEADER : 00000nam 2200000uu 4500
001    13399123897
003     ULIB
008    141214s2557||||th 000 0 tha d
020    ^a9786167322940
060  4 ^aWS141^bจ493อ ล.2
100 0  ^aจิรนันท์ วีรกุล,^eบรรณาธิการ
245 00 ^aอาการวิทยาทางกุมารเวชศาสตร์ เล่ม 2/^cบรรณาธิการโดย จิรนันท์ วีรกุล
260    ^aพิษณุโลก:^bภาควิชากุมารเวชศาสตร์ คณะแพทยศาสตร์ มหาวิทยาลัยนเรศวร,^c2557.
300    ^a226 หน้า
650  0 ^aอาการวิทยา
650  0 ^aกุมารเวชศาสตร์^xรวมเรื่อง
710 1  มหาวิทยาลัยนเรศวร.^bคณะแพทยศาสตร์.^bภาควิชากุมารเวชศาสตร์.
945    ^p290^l0^i22566
945    ^p290^l0^i22567
945    ^p290^l0^i22568
945    ^p290^l0^i22569
945    ^p290^l0^i22570
999    ^aทศพร เกษรทอง
รายการนี้ยังไม่มีแท็ก
คุณยังไม่ได้ล็อกอิน คุณสามารถมีกิจกรรมร่วมกับเว็บไซต์ได้ แต่ต้องล็อกอินก่อน ::
  ล็อกอิน

รายการสื่อสารสนเทศ

ลำดับที่ ประเภท เลขเรียก/บาร์โค้ด สถานที่ สถานะ
1. วิทยาศาสตร์การแพทย์ และสุขภาพ
วิทยาศาสตร์การแพทย์ และสุขภาพ
สถานะ=หนังสือเก่า
WS141 จ493อ ล.2 ฉ.1 
  Barcode: 22566
ห้องสมุดวิทยาเขตนครสวรรค์
►ส่วนจัดเก็บหนังสือเก่า นว.
บนชั้น
  ขอยืม
2. วิทยาศาสตร์การแพทย์ และสุขภาพ
วิทยาศาสตร์การแพทย์ และสุขภาพ
สถานะ=หนังสือเก่า
WS141 จ493อ ล.2 ฉ.2 
  Barcode: 22567
ห้องสมุดวิทยาเขตนครสวรรค์
►ส่วนจัดเก็บหนังสือเก่า นว.
บนชั้น
  ขอยืม
3. วิทยาศาสตร์การแพทย์ และสุขภาพ
วิทยาศาสตร์การแพทย์ และสุขภาพ
สถานะ=หนังสือเก่า
WS141 จ493อ ล.2 ฉ.3 
  Barcode: 22568
ห้องสมุดวิทยาเขตนครสวรรค์
►ส่วนจัดเก็บหนังสือเก่า นว.
บนชั้น
  ขอยืม
4. วิทยาศาสตร์การแพทย์ และสุขภาพ
วิทยาศาสตร์การแพทย์ และสุขภาพ
สถานะ=หนังสือเก่า
WS141 จ493อ ล.2 ฉ.4 
  Barcode: 22569
ห้องสมุดวิทยาเขตนครสวรรค์
►ส่วนจัดเก็บหนังสือเก่า นว.
บนชั้น
  ขอยืม
5. วิทยาศาสตร์การแพทย์ และสุขภาพ
วิทยาศาสตร์การแพทย์ และสุขภาพ
สถานะ=หนังสือเก่า
WS141 จ493อ ล.2 ฉ.5 
  Barcode: 22570
ห้องสมุดวิทยาเขตนครสวรรค์
►ส่วนจัดเก็บหนังสือเก่า นว.
บนชั้น
  ขอยืม

รายการใกล้เคียง
    หัวเรื่อง [อาการวิทยา]

BibComment


ยังไม่เคยถูกคอมเมนท์

คอมเมนท์ทรัพยากรรายการนี้
  คอมเมนท์: อาการวิทยาทางกุม..


 Copyright 2026. Bcnsprnw @Library